| 000 | 00348nam a2200133Ia 4500 | ||
|---|---|---|---|
| 008 | 240624s9999 xx 000 0 und d | ||
| 041 | _aeng | ||
| 082 | _a519.5 WAR | ||
| 100 | _aWARNER RABECCA M | ||
| 245 | _aAPPLIED STATISTICS FROM BIVARIATE THROUG | ||
| 260 |
_c2008 _aLondon _bSage |
||
| 300 | _axxvi, : 1101 : p. : cm. ; 25 | ||
| 365 |
_cGBP _b38 |
||
| 999 |
_c24263 _d24263 |
||